000 00534nam a2200181Ia 4500
008 090124s9999 xx 000 0 und d
082 _b6284
_a1831
100 _aसार्दळ शंकर धोंडो
245 _a रासपुतीन
250 _a1
260 _c1942
300 _a92
600 _aसार्दळ शंकर धोंडो
630 _a रासपुतीन
700 _aसार्दळ शंकर धोंडो
730 _a रासपुतीन
942 _cBOOK
999 _c120225
_d120225